[Event "Budapest FS06 GM"]
[Site "Budapest"]
[Date "2025.06.14"]
[Round "9"]
[White "Tsaruk, Maksim"]
[Black "Vantika, Agrawal"]
[Result "1-0"]
[WhiteElo "2451"]
[BlackElo "2388"]
[PlyCount "85"]
[EventDate "2025.06.07"]
[EventType "tourn"]
[EventRounds "9"]
[EventCountry "HUN"]
[EventCategory "7"]
[SourceTitle "CB26_2025"]
[SourceDate "2025.06.25"]
[SourceVersion "1"]
[SourceVersionDate "2025.06.25"]
[SourceQuality "1"]

1. Nf3 Nf6 2. g3 d5 3. Bg2 c5 4. 0-0 e6 5. d4 cxd4 6. Nxd4 e5 7. Nb3 Be6 8. Nc3 Be7 9. f4 exf4 10. gxf4 g6 11. Nd4 Nc6 12. Nxe6 fxe6 13. Kh1 Kf7 14. Qd3 Rc8 15. a3 Bf8 16. Bd2 Bg7 17. Rae1 Re8 18. Bh3 Rc7 19. Rf2 a6 20. e4 dxe4 21. Nxe4 Nxe4 22. Qxe4 Qd5 23. f5 Qxe4+ 24. Rxe4 exf5 25. Bxf5 Rxe4 26. Bxe4+ Ke6 27. c4 Ne7 28. b4 Nf5 29. Bd5+ Kd6 30. Re2 Be5 31. b5 axb5 32. Bb4+ Kd7 33. Rxe5 bxc4 34. Be6+ Kc6 35. Bxc4 b6 36. Bd5+ Kd7 37. Be6+ Kc6 38. Bxf5 gxf5 39. Rxf5 Rg7 40. Rf3 Rg6 41. Rg3 Re6 42. Rh3 h6 43. Bd2 1-0

[Event "Budapest FS06 GM"]
[Site "Budapest"]
[Date "2025.06.11"]
[Round "6"]
[White "Marin Ferragut, Pau"]
[Black "Tsaruk, Maksim"]
[Result "1/2-1/2"]
[WhiteElo "2380"]
[BlackElo "2451"]
[PlyCount "82"]
[EventDate "2025.06.07"]
[EventType "tourn"]
[EventRounds "9"]
[EventCountry "HUN"]
[EventCategory "7"]
[SourceTitle "CB26_2025"]
[SourceDate "2025.06.25"]
[SourceVersion "1"]
[SourceVersionDate "2025.06.25"]
[SourceQuality "1"]

1. e4 e5 2. Nf3 Nc6 3. Bb5 a6 4. Ba4 Nf6 5. 0-0 d6 6. Bxc6+ bxc6 7. Re1 g6 8. d4 Nd7 9. Na3 Bg7 10. Nc4 Nb6 11. Na5 exd4 12. Nxc6 Qd7 13. Ncxd4 0-0 14. c3 Bb7 15. Bf4 Rae8 16. Nd2 a5 17. a4 f5 18. Qb3+ Qf7 19. Qxf7+ Rxf7 20. exf5 Rxe1+ 21. Rxe1 Bxd4 22. Re8+ Rf8 23. Rxf8+ Kxf8 24. cxd4 Nxa4 25. Nc4 gxf5 26. Bd2 Bd5 27. b3 Bxc4 28. bxa4 Bb3 29. Bxa5 c6 30. Bb4 Bxa4 31. Bxd6+ Kf7 32. g3 Bb3 33. f3 Bd5 34. Kf2 Ke6 35. Bb8 Kf6 36. Ke3 Kg6 37. Bc7 Kf6 38. Kf4 Kg6 39. Bd8 h5 40. Bh4 Ba2 41. Bd8 Bd5 1/2-1/2

[Event "Budapest FS06 GM"]
[Site "Budapest"]
[Date "2025.06.10"]
[Round "4"]
[White "Daaevik, Wadhawan"]
[Black "Tsaruk, Maksim"]
[Result "0-1"]
[WhiteElo "2344"]
[BlackElo "2451"]
[PlyCount "108"]
[EventDate "2025.06.07"]
[EventType "tourn"]
[EventRounds "9"]
[EventCountry "HUN"]
[EventCategory "7"]
[SourceTitle "CB26_2025"]
[SourceDate "2025.06.25"]
[SourceVersion "1"]
[SourceVersionDate "2025.06.25"]
[SourceQuality "1"]

1. d4 Nf6 2. c4 e6 3. Nc3 Bb4 4. e3 b6 5. Nge2 Ba6 6. Ng3 0-0 7. e4 c5 8. d5 d6 9. Be2 exd5 10. exd5 Bxc3+ 11. bxc3 Re8 12. 0-0 Nbd7 13. f4 Ne4 14. Nxe4 Rxe4 15. Bd3 Re7 16. Qf3 Qf8 17. g4 Rae8 18. Bd2 g5 19. Rae1 Rxe1 20. Rxe1 Rxe1+ 21. Bxe1 gxf4 22. Qxf4 Qe7 23. Bg3 Ne5 24. Qe4 f6 25. Bxe5 fxe5 26. Qf5 e4 27. Bxe4 Bxc4 28. a3 Bb5 29. Kg2 Be8 30. Qf4 b5 31. g5 a5 32. Bf3 b4 33. cxb4 cxb4 34. axb4 a4 35. Qc1 Qe5 36. h4 Kf8 37. h5 Qd4 38. Qc7 Qd2+ 39. Kh1 Qf4 40. Qc3 Qh4+ 41. Kg2 Qxg5+ 42. Kf2 Qe5 43. Qxe5 dxe5 44. d6 a3 45. Bd5 Bc6 46. Bc4 Bb5 47. Be6 Bd7 48. Bc4 Bb5 49. Be6 Kg7 50. Ke3 Kf6 51. Ba2 Bd7 52. Ke4 Be6 53. b5 Bxa2 54. b6 Ke6 0-1

[Event "Dubai op-A 25th"]
[Site "Dubai"]
[Date "2025.06.03"]
[Round "8"]
[White "Tsaruk, Maksim"]
[Black "Shyam, Sundar M"]
[Result "1/2-1/2"]
[WhiteElo "2431"]
[BlackElo "2462"]
[PlyCount "102"]
[EventDate "2025.05.27"]
[EventType "swiss"]
[EventRounds "9"]
[EventCountry "UAE"]
[SourceTitle "CB23_2025"]
[SourceDate "2025.06.04"]
[SourceVersion "1"]
[SourceVersionDate "2025.06.04"]
[SourceQuality "1"]

1. e4 c5 2. Nf3 Nc6 3. d4 cxd4 4. Nxd4 Nf6 5. Nc3 d6 6. Bg5 e6 7. Qd2 a6 8. 0-0-0 Be7 9. f4 Bd7 10. Nf3 b5 11. Bxf6 gxf6 12. Kb1 Qb6 13. f5 0-0-0 14. Qh6 Ne5 15. Qh5 Kb8 16. Bd3 Be8 17. Ne2 Rc8 18. Rhe1 b4 19. fxe6 fxe6 20. Qh3 Nxd3 21. Rxd3 d5 22. Nf4 Qc7 23. Nd4 Qxf4 24. Qxe6 Qd6 25. exd5 Qxe6 26. Rxe6 Bc5 27. Rxa6 Bg6 28. Rb3 Kb7 29. Rxf6 Rhf8 30. Rxf8 Rxf8 31. Rf3 Rxf3 32. Nxf3 Kc7 33. Kc1 Be3+ 34. Kd1 Kd6 35. Ke2 Bc1 36. c3 bxc3 37. bxc3 Kxd5 38. c4+ Kd6 39. a4 Bb2 40. Ke3 Kc5 41. Kf4 Kxc4 42. Ne5+ Bxe5+ 43. Kxe5 Kb4 44. g4 Kxa4 45. h4 Kb4 46. h5 Bc2 47. g5 Kc5 48. g6 Bxg6 49. hxg6 hxg6 50. Kf6 Kd5 51. Kxg6 Ke5 1/2-1/2

[Event "Dubai op-A 25th"]
[Site "Dubai"]
[Date "2025.05.31"]
[Round "5"]
[White "Royal, Shreyas"]
[Black "Tsaruk, Maksim"]
[Result "1/2-1/2"]
[WhiteElo "2493"]
[BlackElo "2431"]
[PlyCount "150"]
[EventDate "2025.05.27"]
[EventType "swiss"]
[EventRounds "9"]
[EventCountry "UAE"]
[SourceTitle "CB23_2025"]
[SourceDate "2025.06.04"]
[SourceVersion "1"]
[SourceVersionDate "2025.06.04"]
[SourceQuality "1"]

1. d4 Nf6 2. c4 e6 3. Nc3 Bb4 4. e3 b6 5. Nge2 Ba6 6. Qa4 c5 7. a3 Bxc3+ 8. Nxc3 0-0 9. d5 exd5 10. cxd5 Bxf1 11. Rxf1 Re8 12. f3 a6 13. e4 b5 14. Qc2 d6 15. Kf2 Nbd7 16. Kg1 Rc8 17. Be3 Ne5 18. a4 b4 19. Ne2 a5 20. h3 Qb6 21. Ng3 g6 22. f4 Ned7 23. Rfe1 b3 24. Qd3 h5 25. Bf2 Qb4 26. e5 dxe5 27. f5 c4 28. Qb1 Kg7 29. Qc1 c3 30. fxg6 fxg6 31. bxc3 Qc4 32. Qg5 Qf4 33. Qxf4 exf4 34. Rxe8 Rxe8 35. Nf1 Ne4 36. Bd4+ Kf7 37. Rb1 Rb8 38. Rb2 Ndc5 39. Bxc5 Nxc5 40. Nd2 Kf6 41. Kf1 g5 42. Ke2 Ke5 43. Nc4+ Kxd5 44. Nxa5 Ke4 45. Nc4 Nxa4 46. Nd2+ Ke5 47. Rxb3 Rxb3 48. Nxb3 Nxc3+ 49. Kf3 Nb5 50. g3 fxg3 51. Kxg3 Nd4 52. Nd2 Nf5+ 53. Kf3 Kd4 54. Nb3+ Kc4 55. Nc1 Kc3 56. Ke4 Ng3+ 57. Ke3 Kc4 58. Nd3 Nf1+ 59. Ke4 Ng3+ 60. Ke3 Kd5 61. Nb4+ Ke6 62. Nc6 Nf5+ 63. Ke4 Nd6+ 64. Ke3 Kf6 65. Kf3 Nf5 66. Ke4 Ng7 67. Ne5 Ne8 68. Nd7+ Ke6 69. Nc5+ Kf6 70. Nd7+ Ke7 71. Kf5 Ng7+ 72. Kxg5 Kxd7 73. Kg6 Ne6 74. Kxh5 Nf4+ 75. Kg4 Nxh3 1/2-1/2

[Event "Dubai op-A 25th"]
[Site "Dubai"]
[Date "2025.05.28"]
[Round "2"]
[White "Tsaruk, Maksim"]
[Black "Balajayeva, Khanim Asad Qizi"]
[Result "1-0"]
[WhiteElo "2431"]
[BlackElo "2358"]
[PlyCount "109"]
[EventDate "2025.05.27"]
[EventType "swiss"]
[EventRounds "9"]
[EventCountry "UAE"]
[SourceTitle "CB23_2025"]
[SourceDate "2025.06.04"]
[SourceVersion "1"]
[SourceVersionDate "2025.06.04"]
[SourceQuality "1"]

1. e4 e5 2. Bc4 Nc6 3. Nc3 Nf6 4. d3 Na5 5. Qf3 Nxc4 6. dxc4 d6 7. Nge2 Be7 8. a4 0-0 9. h3 c6 10. 0-0 Be6 11. b3 Qc7 12. Rd1 h6 13. Ng3 Nh7 14. Nf5 Bxf5 15. exf5 Rfe8 16. Be3 Nf6 17. a5 d5 18. cxd5 e4 19. Nxe4 Nxe4 20. Qxe4 Bf6 21. Qb4 Bxa1 22. d6 Qd7 23. Rxa1 Re5 24. f6 Rd5 25. Bf4 g5 26. Bg3 Re8 27. Kh2 h5 28. h4 gxh4 29. Qxh4 Qg4 30. Ra4 Qxh4+ 31. Rxh4 Re1 32. Rb4 Rdd1 33. Bf4 Kh7 34. Rxb7 Kg6 35. Kg3 Kxf6 36. Rxa7 Rd5 37. Ra6 h4+ 38. Kxh4 Kf5 39. Kg3 Re4 40. Be3 Rxd6 41. Rb6 Re5 42. a6 Ra5 43. Kf3 Rf6 44. Ke2 c5 45. Rxf6+ Kxf6 46. a7 Rxa7 47. Bxc5 Rd7 48. c3 Ke6 49. Bd4 Rb7 50. b4 f5 51. Kd3 f4 52. Ke4 Rf7 53. Be5 f3 54. g3 Ra7 55. Bd4 1-0

[Event "Dubai op-A 25th"]
[Site "Dubai"]
[Date "2025.05.27"]
[Round "1"]
[White "Can, Emre"]
[Black "Tsaruk, Maksim"]
[Result "1-0"]
[WhiteElo "2568"]
[BlackElo "2431"]
[PlyCount "71"]
[EventDate "2025.05.27"]
[EventType "swiss"]
[EventRounds "9"]
[EventCountry "UAE"]
[SourceTitle "CB23_2025"]
[SourceDate "2025.06.04"]
[SourceVersion "1"]
[SourceVersionDate "2025.06.04"]
[SourceQuality "1"]

1. e4 e5 2. Nc3 Nf6 3. Bc4 Nxe4 4. Qh5 Nd6 5. Bb3 Be7 6. Qxe5 0-0 7. Nf3 Bf6 8. Qf4 Re8+ 9. Kf1 a5 10. a4 Na6 11. d4 Nb4 12. g4 b6 13. g5 Ba6+ 14. Kg2 Be7 15. Ne5 Rf8 16. Be3 Bb7+ 17. f3 g6 18. h4 Nf5 19. Bd2 d6 20. Ng4 h5 21. gxh6 Nxh4+ 22. Rxh4 Bxh4 23. Rh1 Kh8 24. d5 f5 25. Rxh4 fxg4 26. Qxg4 Rf5 27. Qd4+ Re5 28. Bf4 Qf6 29. Rg4 Rf8 30. Ne4 Qf5 31. Bxe5+ dxe5 32. Qc3 Nxd5 33. Bxd5 Bxd5 34. Rg5 Qf7 35. Rxe5 Kg8 36. Rxd5 1-0

[Event "RUS-chT 32nd"]
[Site "Sochi"]
[Date "2025.04.26"]
[Round "1.3"]
[White "Matlakov, Maxim"]
[Black "Tsaruk, Maksim"]
[Result "1/2-1/2"]
[WhiteElo "2626"]
[BlackElo "2431"]
[PlyCount "69"]
[EventDate "2025.04.26"]
[EventType "team-swiss"]
[EventRounds "9"]
[EventCountry "RUS"]
[SourceTitle "CB19_2025"]
[SourceDate "2025.05.07"]
[SourceVersion "1"]
[SourceVersionDate "2025.05.07"]
[SourceQuality "1"]
[WhiteTeam "Moscow KPRF"]
[BlackTeam "Belarus"]
[WhiteTeamCountry "RUS"]
[BlackTeamCountry "BLR"]

1. c4 e5 2. Nc3 Bb4 3. Nf3 Bxc3 4. dxc3 Nc6 5. e4 d6 6. Bd3 h6 7. Be3 Be6 8. Qe2 Nge7 9. 0-0-0 Qd7 10. Nd2 0-0-0 11. f3 f5 12. Bc2 Qe8 13. Rhe1 fxe4 14. Nxe4 Qf7 15. b3 g5 16. Kb2 Kb8 17. Rh1 Ng6 18. g3 Rdf8 19. Rdf1 Qg7 20. Rf2 Rf7 21. Qd3 Bf5 22. c5 Rd8 23. cxd6 cxd6 24. g4 Nf4 25. Qd1 d5 26. gxf5 dxe4 27. Rd2 Rxd2 28. Bxd2 Nd3+ 29. Bxd3 exd3 30. Qf1 Rxf5 31. Qxd3 Qf6 32. Rf1 g4 33. f4 exf4 34. Rxf4 Rxf4 35. Qg3 1/2-1/2

[Event "Titled Tuesday intern op 01st Apr Early"]
[Site "Chess.com INT"]
[Date "2025.04.01"]
[Round "6"]
[White "Tsaruk, Maksim"]
[Black "Asish, Panda"]
[Result "1-0"]
[WhiteElo "2436"]
[BlackElo "1911"]
[PlyCount "97"]
[EventDate "2025.04.01"]
[EventType "swiss (blitz)"]
[EventRounds "11"]
[EventCountry "USA"]
[SourceTitle "CB15_2025"]
[SourceDate "2025.04.09"]
[SourceVersion "1"]
[SourceVersionDate "2025.04.09"]
[SourceQuality "1"]

1. e4 e6 2. d4 d5 3. Nd2 c5 4. Ngf3 cxd4 5. Nxd4 Nc6 6. Bb5 Bd7 7. Nxc6 bxc6 8. Bd3 Bd6 9. Qe2 Ne7 10. e5 Bc7 11. 0-0 Ng6 12. f4 f5 13. c4 Qe7 14. Nf3 h6 15. Be3 0-0 16. Rac1 Bb6 17. c5 Bc7 18. Kh1 Be8 19. Rg1 Nh4 20. Nd4 Rb8 21. g4 Bg6 22. Nxc6 Qd7 23. Nxb8 Rxb8 24. Bf2 Bd8 25. c6 Qc7 26. Bxh4 Bxh4 27. gxf5 Bxf5 28. Bxf5 exf5 29. Rg6 Be7 30. Qg2 Bf8 31. Qxd5+ Kh7 32. Rg2 Qc8 33. Qd7 Qa6 34. Qxf5+ Kh8 35. c7 Rc8 36. Qe4 Qb6 37. Rgc2 Be7 38. b3 Ba3 39. Rd1 Be7 40. Rd7 Qb5 41. Qd3 Qb4 42. Rd8+ Bxd8 43. cxd8Q+ Rxd8 44. Qxd8+ Kh7 45. Qd3+ Kg8 46. Rc8+ Kf7 47. Qf5+ Ke7 48. Qf8+ Ke6 49. Qxb4 1-0

[Event "Titled Tuesday intern op 01st Apr Late"]
[Site "Chess.com INT"]
[Date "2025.04.01"]
[Round "5"]
[White "Tsaruk, Maksim"]
[Black "Bayo Milagro, Alvaro"]
[Result "1-0"]
[WhiteElo "2431"]
[BlackElo "2280"]
[PlyCount "67"]
[EventDate "2025.04.01"]
[EventType "swiss (blitz)"]
[EventRounds "11"]
[EventCountry "USA"]
[SourceTitle "CB21_2025"]
[SourceDate "2025.05.21"]
[SourceVersion "1"]
[SourceVersionDate "2025.05.21"]
[SourceQuality "1"]

1. e4 c5 2. Nf3 g6 3. c3 Bg7 4. d4 cxd4 5. cxd4 d5 6. e5 a6 7. Nc3 Bg4 8. h3 Bxf3 9. Qxf3 e6 10. Be3 Nc6 11. 0-0-0 Nge7 12. g4 Rc8 13. Kb1 b5 14. Rc1 Na5 15. Bd3 Nc4 16. h4 Nc6 17. h5 Nxd4 18. Qg3 Bxe5 19. f4 Nxe3 20. Qxe3 Bf6 21. g5 Nf5 22. Bxf5 d4 23. Qe2 dxc3 24. hxg6 hxg6 25. gxf6 Qxf6 26. Rxh8+ Qxh8 27. Bxe6 c2+ 28. Ka1 fxe6 29. Qxe6+ Kd8 30. Qd6+ Ke8 31. Re1+ Kf7 32. Re7+ Kg8 33. Qxg6+ Kf8 34. Qf7# 1-0

[Event "Titled Tuesday intern op 01st Apr Early"]
[Site "Chess.com INT"]
[Date "2025.04.01"]
[Round "8"]
[White "Tsaruk, Maksim"]
[Black "Burmakin, Vladimir"]
[Result "0-1"]
[WhiteElo "2436"]
[BlackElo "2435"]
[PlyCount "130"]
[EventDate "2025.04.01"]
[EventType "swiss (blitz)"]
[EventRounds "11"]
[EventCountry "USA"]
[SourceTitle "CB15_2025"]
[SourceDate "2025.04.09"]
[SourceVersion "1"]
[SourceVersionDate "2025.04.09"]
[SourceQuality "1"]

1. e4 c6 2. d4 d5 3. e5 Bf5 4. h4 h5 5. c4 e6 6. Nc3 dxc4 7. Bxc4 Nd7 8. Nge2 Nb6 9. Bd3 Ne7 10. Bg5 Qd7 11. Ne4 Bxe4 12. Bxe4 Nf5 13. Qd3 Be7 14. Bxf5 exf5 15. Bxe7 Kxe7 16. Qg3 g6 17. 0-0 Nd5 18. Nc3 Kf8 19. Na4 Kg7 20. Nc5 Qe7 21. Rfe1 b6 22. Nd3 Rhe8 23. Rac1 Rac8 24. e6 f6 25. Rc2 Qc7 26. Qf3 Qd6 27. Rce2 Rc7 28. b4 Rce7 29. b5 cxb5 30. Qg3 Qxg3 31. fxg3 Kf8 32. Nf4 Nxf4 33. gxf4 Rc7 34. d5 Ke7 35. Rd2 Kd6 36. Red1 Rc5 37. Kf2 b4 38. g3 a5 39. Ke3 b5 40. Rd3 a4 41. Rb1 Rxd5 42. Rxb4 Rxe6+ 43. Kd2 Rxd3+ 44. Kxd3 Kc5 45. Rb2 Rd6+ 46. Kc3 Re6 47. Kd3 b4 48. Rc2+ Kb5 49. Rc8 Rc6 50. Rb8+ Kc5 51. Rg8 Kb5 52. Rxg6 b3 53. axb3 axb3 54. Rg8 b2 55. Rb8+ Rb6 56. Rxb6+ Kxb6 57. Kc2 Kc5 58. Kxb2 Kd4 59. Kb3 Ke3 60. Kc4 Kf3 61. Kd5 Kxg3 62. Ke6 Kxf4 63. Kxf6 Kg4 64. Ke5 f4 65. Ke4 Kg3 0-1

[Event "Titled Tuesday intern op 01st Apr Late"]
[Site "Chess.com INT"]
[Date "2025.04.01"]
[Round "7"]
[White "Tsaruk, Maksim"]
[Black "George Micheal, Kevin"]
[Result "0-1"]
[WhiteElo "2431"]
[BlackElo "2288"]
[PlyCount "96"]
[EventDate "2025.04.01"]
[EventType "swiss (blitz)"]
[EventRounds "11"]
[EventCountry "USA"]
[SourceTitle "CB15_2025"]
[SourceDate "2025.04.09"]
[SourceVersion "1"]
[SourceVersionDate "2025.04.09"]
[SourceQuality "1"]

1. e4 e5 2. Nf3 Nf6 3. d4 Nxe4 4. Bd3 d5 5. Nxe5 Bd6 6. 0-0 0-0 7. c4 a6 8. Qc2 c6 9. Nc3 f5 10. f3 Qb6 11. fxe4 Qxd4+ 12. Kh1 dxe4 13. c5 Bxe5 14. Nxe4 Be6 15. Ng5 Qh4 16. Nf3 Qf6 17. Bg5 Qg6 18. Rae1 Bc7 19. Rxe6 Qh5 20. Qc4 Kh8 21. Qh4 Qxh4 22. Nxh4 Nd7 23. Re7 Nxc5 24. Rxc7 Nxd3 25. Rxb7 f4 26. Nf3 h6 27. Be7 Rfe8 28. Rd1 Nf2+ 29. Kg1 Nxd1 30. Bd6 Ne3 31. Be5 Nf5 32. Bxf4 Re4 33. Be5 Re8 34. Bc3 Kg8 35. h3 Re2 36. g4 R2e7 37. Rb6 Ne3 38. Rxc6 Nd5 39. Bd4 Re2 40. Rd6 Nf4 41. Rd7 R2e7 42. Rd6 Rb8 43. Kf2 Rc8 44. Kg3 Ne2+ 45. Kh4 Rc4 46. Rd8+ Kh7 47. Bf2 g5+ 48. Kh5 Nf4# 0-1

[Event "Titled Tuesday intern op 01st Apr Early"]
[Site "Chess.com INT"]
[Date "2025.04.01"]
[Round "7"]
[White "Williams, Simon Kim"]
[Black "Tsaruk, Maksim"]
[Result "0-1"]
[WhiteElo "2446"]
[BlackElo "2436"]
[PlyCount "120"]
[EventDate "2025.04.01"]
[EventType "swiss (blitz)"]
[EventRounds "11"]
[EventCountry "USA"]
[SourceTitle "CB15_2025"]
[SourceDate "2025.04.09"]
[SourceVersion "1"]
[SourceVersionDate "2025.04.09"]
[SourceQuality "1"]

1. d4 Nf6 2. c4 e6 3. Nf3 b6 4. g3 Ba6 5. Qc2 c5 6. d5 exd5 7. cxd5 g6 8. Nc3 d6 9. Bf4 Bg7 10. Qa4+ Kf8 11. Bg2 h6 12. h4 Kg8 13. 0-0 Kh7 14. Qc2 Re8 15. a4 Bf8 16. Rfe1 Nbd7 17. e4 Ng4 18. h5 Nde5 19. hxg6+ fxg6 20. Rad1 Qf6 21. Bxe5 dxe5 22. d6 Bxd6 23. Nd5 Qf8 24. Bh3 Nf6 25. Nh4 Rad8 26. Re3 Qg7 27. Rf3 Nxd5 28. exd5 e4 29. Re3 Bd3 30. Rexd3 exd3 31. Qxd3 Re5 32. f4 c4 33. Qxc4 Re3 34. Rd3 Re1+ 35. Kf2 Rde8 36. Rd2 Qe7 37. Qd3 Bc5+ 38. Kg2 Re2+ 39. Rxe2 Qxe2+ 40. Qxe2 Rxe2+ 41. Kf3 Rxb2 42. Be6 Kg7 43. f5 Rb3+ 44. Kg4 h5+ 45. Kf4 Bd6+ 46. Ke4 g5 47. Nf3 g4 48. Nd4 Rxg3 49. f6+ Kxf6 50. Nf5 Bc7 51. Nxg3 Bxg3 52. Bd7 Bd6 53. Be8 Kg5 54. Ke3 h4 55. Kf2 h3 56. Kg1 Kh4 57. Bd7 g3 58. Kh1 g2+ 59. Kg1 Kg3 60. Bxh3 Bc5# 0-1

[Event "Titled Tuesday intern op 01st Apr Early"]
[Site "Chess.com INT"]
[Date "2025.04.01"]
[Round "4"]
[White "Zafirakos, Jesse"]
[Black "Tsaruk, Maksim"]
[Result "0-1"]
[WhiteElo "2072"]
[BlackElo "2436"]
[PlyCount "56"]
[EventDate "2025.04.01"]
[EventType "swiss (blitz)"]
[EventRounds "11"]
[EventCountry "USA"]
[SourceTitle "CB15_2025"]
[SourceDate "2025.04.09"]
[SourceVersion "1"]
[SourceVersionDate "2025.04.09"]
[SourceQuality "1"]

1. d4 Nf6 2. Bg5 d5 3. Bxf6 exf6 4. e3 Bd6 5. c4 dxc4 6. Bxc4 0-0 7. Nf3 Nd7 8. 0-0 f5 9. Nc3 Nf6 10. Qd3 c6 11. Rad1 b5 12. Bb3 a5 13. a4 b4 14. Ne2 Ba6 15. Bc4 Bc8 16. Ng3 g6 17. Rfe1 Ra7 18. e4 fxe4 19. Nxe4 Bf5 20. Nxf6+ Qxf6 21. Qe3 Re7 22. Ne5 c5 23. f4 Rfe8 24. dxc5 Bxe5 25. fxe5 Rxe5 26. Qf2 Rxe1+ 27. Rxe1 Rxe1+ 28. Qxe1 Qd4+ 0-1

[Event "Titled Tuesday intern op 25th Mar Early"]
[Site "Chess.com INT"]
[Date "2025.03.25"]
[Round "2"]
[White "Shukhman, Anna"]
[Black "Tsaruk, Maksim"]
[Result "1-0"]
[WhiteElo "2365"]
[BlackElo "2436"]
[PlyCount "79"]
[EventDate "2025.03.25"]
[EventType "swiss (blitz)"]
[EventRounds "11"]
[EventCountry "USA"]
[SourceTitle "CB14_2025"]
[SourceDate "2024.11.01"]
[SourceVersion "1"]
[SourceVersionDate "2024.11.01"]
[SourceQuality "1"]

1. e4 d5 2. exd5 Qxd5 3. Nc3 Qa5 4. d4 Nf6 5. Nf3 c6 6. Bc4 Bf5 7. Ne5 e6 8. Qe2 Nbd7 9. Bd2 Bb4 10. g4 Nxe5 11. dxe5 Nxg4 12. a3 Nxe5 13. 0-0-0 Bxa3 14. Nb1 Bb4 15. Bxb4 Qxb4 16. Qxe5 Qxc4 17. Na3 Qh4 18. Qxg7 Ke7 19. Qe5 Rhd8 20. Qc7+ Kf8 21. Qxb7 Qxf2 22. Qb4+ Kg8 23. Rhg1+ Bg6 24. h4 a5 25. Qe7 Rd5 26. Rdf1 Qe3+ 27. Kb1 Rf5 28. Re1 Qc5 29. Qc7 Rf2 30. Re5 Qa7 31. Qxa7 Rxa7 32. h5 Kg7 33. hxg6 hxg6 34. Nc4 a4 35. Rc5 Rd7 36. Rxc6 Rd4 37. Ne5 Rdf4 38. Ka2 Rf1 39. Rg3 Rf5 40. Nd3 1-0

[Event "Titled Tuesday intern op 25th Mar Early"]
[Site "Chess.com INT"]
[Date "2025.03.25"]
[Round "4"]
[White "Tsaruk, Maksim"]
[Black "Gong, Qianyun"]
[Result "1-0"]
[WhiteElo "2436"]
[BlackElo "2272"]
[PlyCount "57"]
[EventDate "2025.03.25"]
[EventType "swiss (blitz)"]
[EventRounds "11"]
[EventCountry "USA"]
[SourceTitle "CB14_2025"]
[SourceDate "2024.11.01"]
[SourceVersion "1"]
[SourceVersionDate "2024.11.01"]
[SourceQuality "1"]

1. d4 Nf6 2. c4 e6 3. g3 d5 4. Bg2 Be7 5. Nf3 0-0 6. b3 b6 7. cxd5 Nxd5 8. 0-0 Bb7 9. Bb2 Nd7 10. Nbd2 h6 11. Rc1 f5 12. e3 a5 13. Nc4 a4 14. Nce5 Bf6 15. bxa4 c5 16. dxc5 Nxc5 17. Bd4 Qe7 18. Ng6 Qe8 19. Nxf8 Qxf8 20. Bxf6 Qxf6 21. Nd4 Nxa4 22. Qb3 Kh7 23. Rfd1 Ra5 24. e4 Nc5 25. Rxc5 bxc5 26. exd5 Bxd5 27. Bxd5 exd5 28. Qxd5 g6 29. Nc6 1-0

[Event "Titled Tuesday intern op 25th Mar Early"]
[Site "Chess.com INT"]
[Date "2025.03.25"]
[Round "3"]
[White "Tsaruk, Maksim"]
[Black "Pribelszky, Bence Daniel"]
[Result "1-0"]
[WhiteElo "2436"]
[BlackElo "2400"]
[PlyCount "45"]
[EventDate "2025.03.25"]
[EventType "swiss (blitz)"]
[EventRounds "11"]
[EventCountry "USA"]
[SourceTitle "CB14_2025"]
[SourceDate "2024.11.01"]
[SourceVersion "1"]
[SourceVersionDate "2024.11.01"]
[SourceQuality "1"]

1. d4 d5 2. c4 c6 3. Nf3 Nf6 4. g3 Bf5 5. Bg2 Bxb1 6. Rxb1 dxc4 7. 0-0 e6 8. Qc2 b5 9. b3 cxb3 10. axb3 Be7 11. Ne5 Nd5 12. Bd2 Qb6 13. Rfc1 0-0 14. e3 Rc8 15. Ra1 a5 16. Nxf7 Kxf7 17. Bxd5 g6 18. Bg2 Ra7 19. Qe4 a4 20. Bh3 c5 21. d5 a3 22. Bxe6+ Kf8 23. Bxc8 1-0

[Event "Wch U20 62nd"]
[Site "Petrovac"]
[Date "2025.03.05"]
[Round "9"]
[White "Asylov, Miras"]
[Black "Tsaruk, Maksim"]
[Result "0-1"]
[WhiteElo "2285"]
[BlackElo "2436"]
[PlyCount "66"]
[EventDate "2025.02.25"]
[EventType "swiss"]
[EventRounds "11"]
[EventCountry "MNE"]
[SourceTitle "CB11_2025"]
[SourceDate "2025.03.12"]
[SourceVersion "1"]
[SourceVersionDate "2025.03.12"]
[SourceQuality "1"]

1. e4 e5 2. Nf3 Nc6 3. Bb5 a6 4. Ba4 d6 5. 0-0 Nf6 6. Re1 g6 7. c3 Bg4 8. h3 Bxf3 9. Qxf3 b5 10. Bc2 Bh6 11. a4 b4 12. a5 0-0 13. d3 Bxc1 14. Rxc1 Rb8 15. Nd2 Kg7 16. Nc4 Qe7 17. Qe3 b3 18. Bd1 Rb5 19. Ra3 Rfb8 20. Rca1 d5 21. exd5 Nxd5 22. Qf3 f5 23. Nd2 e4 24. dxe4 Ne5 25. Qg3 f4 26. Qh2 Nxc3 27. Qxf4 Rd8 28. Qe3 Rd3 29. Qe1 Qg5 30. f4 Qxf4 31. Nf1 Nxd1 32. Rxd1 Nf3+ 33. gxf3 Rg5+ 0-1

[Event "Wch U20 62nd"]
[Site "Petrovac"]
[Date "2025.03.04"]
[Round "8"]
[White "Tsaruk, Maksim"]
[Black "Hommadov, Amanmuhammet"]
[Result "1/2-1/2"]
[WhiteElo "2436"]
[BlackElo "2265"]
[PlyCount "60"]
[EventDate "2025.02.25"]
[EventType "swiss"]
[EventRounds "11"]
[EventCountry "MNE"]
[SourceTitle "CB11_2025"]
[SourceDate "2025.03.12"]
[SourceVersion "1"]
[SourceVersionDate "2025.03.12"]
[SourceQuality "1"]

1. e4 e6 2. d4 d5 3. Nd2 c5 4. Ngf3 cxd4 5. Nxd4 Nc6 6. Bb5 Bd7 7. Nxc6 bxc6 8. Bd3 Bd6 9. Qe2 Ne7 10. e5 Bc7 11. Nf3 c5 12. c3 Ng6 13. 0-0 0-0 14. Ng5 Qe8 15. f4 f5 16. b4 h6 17. Nf3 Bb6 18. bxc5 Bxc5+ 19. Nd4 Rb8 20. Be3 Qe7 21. g3 Rfc8 22. Rab1 Rxb1 23. Rxb1 Bb6 24. Qd2 Nf8 25. Ne2 Rb8 26. Bxb6 Rxb6 27. Rxb6 axb6 28. Qe3 Qa3 29. Qxb6 Qxa2 30. Kf2 Qa1 1/2-1/2

[Event "Wch U20 62nd"]
[Site "Petrovac"]
[Date "2025.03.01"]
[Round "5"]
[White "Tsaruk, Maksim"]
[Black "Hercegovac, Neven"]
[Result "1/2-1/2"]
[WhiteElo "2436"]
[BlackElo "2267"]
[PlyCount "38"]
[EventDate "2025.02.25"]
[EventType "swiss"]
[EventRounds "11"]
[EventCountry "MNE"]
[SourceTitle "CB11_2025"]
[SourceDate "2025.03.12"]
[SourceVersion "1"]
[SourceVersionDate "2025.03.12"]
[SourceQuality "1"]

1. e4 d6 2. d4 Nf6 3. Nc3 e5 4. Nf3 Nbd7 5. Bc4 Be7 6. 0-0 0-0 7. Re1 c6 8. a4 h6 9. h3 Re8 10. Be3 exd4 11. Bxd4 Nf8 12. Qd3 Be6 13. a5 Qc7 14. Nd2 b5 15. axb6 axb6 16. Rxa8 Rxa8 17. e5 dxe5 18. Bxe5 Qd7 19. Nde4 Qxd3 1/2-1/2